|
|
|
|
| LEADER |
00000nam0a2200000 4500 |
| 001 |
376588 |
| 005 |
20231101052025.0 |
| 035 |
|
|
|a (RuTPU)RU\TPU\retro\34028
|
| 035 |
|
|
|a RU\TPU\book\207963
|
| 090 |
|
|
|a 376588
|
| 100 |
|
|
|a 20221223d1989 m y0rusy50 ca
|
| 101 |
0 |
|
|a rus
|
| 102 |
|
|
|a RU
|
| 105 |
|
|
|a a j 001zy
|
| 200 |
1 |
|
|a Проектирование электрической части станций и подстанций
|e учебное пособие для вузов
|f С. С. Петрова
|g Ленинградский политехнический институт им. М. И. Калинина (ЛПИ)
|
| 210 |
|
|
|a Ленинград
|c Изд-во ЛПИ
|d 1989
|
| 215 |
|
|
|a 76 с.
|c ил.
|
| 320 |
|
|
|a Библиогр.: с. 73.
|
| 610 |
1 |
|
|a электрические станции
|
| 610 |
1 |
|
|a электрические подстанции
|
| 610 |
1 |
|
|a электрическая часть
|
| 610 |
1 |
|
|a проектирование
|
| 610 |
1 |
|
|a электрические соединения
|
| 610 |
1 |
|
|a короткие замыкания
|
| 610 |
1 |
|
|a электроустановки
|
| 610 |
1 |
|
|a токоведущие системы
|
| 610 |
1 |
|
|a проектирование
|
| 610 |
1 |
|
|a расчеты
|
| 610 |
1 |
|
|a проектирование
|
| 610 |
1 |
|
|a учебные пособия
|
| 675 |
|
|
|a 621.311.2.002.5-83(095.8)
|v 3
|
| 675 |
|
|
|a 621.311.4.002.5-83(095.8)
|v 3
|
| 700 |
|
1 |
|a Петрова
|b С. С.
|g Светлана Сергеевна
|
| 712 |
0 |
2 |
|a Ленинградский политехнический институт им. М. И. Калинина (ЛПИ)
|c (1940-1990)
|2 stltpush
|3 (RuTPU)RU\TPU\col\2601
|
| 801 |
|
1 |
|a RU
|b 63413507
|c 20110127
|
| 801 |
|
2 |
|a RU
|b 63413507
|c 20221223
|g RCR
|
| 942 |
|
|
|c BK
|